Rozpúšťanie politických strán ako prejav militantnej demokracie

Bibliographic Details
Main Author: Káčer, Marek, 1976- (Author)
Format: Book
Language:Slovak
PhysicalDescription:137 strán 21 cm
Published: Praha Nakladatelství Leges 2022
ISBN:9788075026224
Edition:První vydání
Series:Teoretik
Subjects:

MARC

LEADER 00000cam a2200000 4500
001 vtls012159468
003 SK-MaSNL
005 20260425234216.0
008 230126s2022 xr f n 000 0 slo
015 |a SNBZSA2023/09 
020 |a 9788075026224  |q (brožované) 
040 |a SNK  |b slo  |c SNK  |e rda 
041 0 |a slo 
043 |a ec-----  |a ee----- 
044 |a xr  |c CZ 
072 7 |a 321  |x Politológia  |2 konspekt 
080 |a 329.1/.6  |2 2011 
080 |a 329.7  |2 2001 
080 |a 321.7+342.34  |2 2011 
080 |a 329.13  |2 2001 
080 |a 329.055  |2 2011 
080 |a 34:32  |2 2011 
080 |a 343  |2 2011 
080 |a 342  |2 2011 
080 |a (4-191.2)  |2 2011 
080 |a (4‑11)  |2 2011 
080 |a (062.534)  |2 2011 
100 1 |a Káčer, Marek,  |d 1976-  |4 aut  |9 212892 
245 1 0 |a Rozpúšťanie politických strán ako prejav militantnej demokracie  |c Marek Káčer 
250 |a První vydání 
264 1 |a Praha  |b Nakladatelství Leges  |c 2022 
300 |a 137 strán  |c 21 cm 
336 |a text  |b txt  |2 rdacontent 
337 |a bez média  |b n  |2 rdamedia 
338 |a zväzok  |b nc  |2 rdacarrier 
490 1 |a Teoretik 
500 |a Obsahuje ponámky pod čiarou 
504 |a Obsahuje bibliografické odkazy 
650 0 7 |a politické strany  |2 SNKPH  |9 3589 
650 0 7 |a Political parties  |2 SNKPHeng  |9 275558 
650 0 7 |a politické hnutia  |2 SNKPH  |9 4833 
650 0 7 |a Political movements and alliances  |2 SNKPHeng  |9 324791 
650 0 7 |a demokracia  |2 SNKPH  |9 3564 
650 0 7 |a Democracy  |2 SNKPHeng  |9 3565 
650 0 7 |a radikálne strany  |2 SNKPH  |9 3595 
650 0 7 |a Radical parties  |2 SNKPHeng  |9 439956 
650 0 7 |a extrémizmus  |2 SNKPH  |9 4817 
650 0 7 |a Extremism  |2 SNKPHeng  |9 202497 
650 0 7 |a právo a politika  |2 SNKPH  |9 4423 
650 0 7 |a Law and politics  |2 SNKPHeng  |9 342331 
650 0 7 |a trestné právo  |2 SNKPH  |9 984 
650 0 7 |a Criminal law  |2 SNKPHeng  |9 266961 
650 0 7 |a ústavné právo  |2 SNKPH  |9 2256 
650 0 7 |a Constitutional law  |2 SNKPHeng  |9 99107 
651 7 |a Európa stredná  |2 SNKPHgeo  |9 23970 
651 7 |a Europe, Central  |2 SNKPHeng  |9 98219 
651 7 |a Európa východná  |2 SNKPHgeo  |9 167635 
651 7 |a Europe, Eastern  |2 SNKPHeng  |9 229905 
655 7 |a zborníky konferencií  |2 SNKPH  |9 70153 
655 7 |a Proceedings of conferences  |2 SNKPHeng  |9 265791 
830 0 |a Teoretik  |9 275685 
852 |a Slovenská národná knižnica 
919 |a 978-80-7502-622-4 
954 |a odborná, vedecká literatúra pôvodná (slovenská)  |2 lita 
958 |a ZS 
958 |a NB 
999 |c 787631  |d 789561 
952 |a SNK  |b SNK  |y PREZ  |7 0  |p 17A1493448  |o snkSC 200929  |i snk2023/1660  |8 1  |0 0  |1 0  |4 0  |d 2023-01-26  |l 0  |r 2025-10-23 00:00:00  |w 2026-02-24